000 00497nam a2200193Ia 4500
005 20250326142657.0
008 250326s9999 xx 000 0 und d
037 _aTextbook
040 _aFMSL
_beng
_cFMSL
041 _aeng
_2eng
084 _qFMSL
100 _aHorngren C T
245 0 _aCost Accounting : A managerial Emphasis
_cHorngren C T
250 _aEd 5
260 _aPrentice
_bPrentice, Hall of India
_c1983
300 _a1020p
942 _cTB
999 _c1296137
_d1296137